| 000 | 00784nam a2200229 4500 | ||
|---|---|---|---|
| 001 | 139978 | ||
| 003 | ES-MaACL | ||
| 005 | 20250526063009.0 | ||
| 007 | t| | ||
| 008 | 070214s1946 ag r ||||1| spa d | ||
| 100 | 1 |
_aSchopenhauer, Arthur, _d1788-1860 _9240710 |
|
| 245 | 1 | 3 |
_aEl pensamiento vivo de Shopenhauer / _cpresentado por Thomas Mann ; traducción de A. Xul Solar. |
| 250 | _a3ª. ed. | ||
| 260 |
_aBuenos Aires : _bLosada, _c1946. |
||
| 300 |
_a227 p., 1 lám. : _b`retr. biog.` ; _c18 cm. |
||
| 490 | 1 |
_aBiblioteca del pensamiento vivo ; _v3 |
|
| 700 | 1 |
_aXul Solar, A. _9117523 |
|
| 700 | 0 |
_aMann, Thomas, _d1875-1955 _976055 |
|
| 830 | 0 |
_aBiblioteca del pensamiento vivo ; _v3 _9182964 |
|
| 852 |
_aES-MaACL _jD-5664 _bR.30748 |
||
| 999 |
_c139978 _d139978 |
||